Indie Musicians - Statistics

General Stats
  • This quiz has been taken 203 times
    200 since last reset
  • The average score is 15 of 59
Answer Stats
Album Artist % Correct
OK Computer Radiohead
92%
Is This It? The Strokes
71%
The Queen is Dead The Smiths
69%
In the Aeroplane Over The Sea Neutral Milk Hotel
65%
Loveless My Bloody Valentine
55%
Doolittle The Pixies
51%
The Hounds of Love Kate Bush
48%
Marquee Moon Television
46%
Souvlaki Slowdive
45%
Yankee Hotel Foxtrot Wilco
44%
Daydream Nation Sonic Youth
43%
The Glow Pt. 2 The Microphones
42%
Either/Or Elliott Smith
40%
Remain In Light Talking Heads
39%
Stranger in the Alps Phoebe Bridgers
38%
Vespertine Bjork
37%
Crooked Rain, Crooked Rain Pavement
34%
Spiderland Slint
34%
Ladies and Gentlemen We Are Floating In Space Spiritualized
33%
Pink Flag Wire
32%
White Light / White Heat The Velvet Underground
31%
Age of Adz Sufjan Stevens
30%
69 Love Songs The Magnetic Fields
30%
If You're Feeling Sinister Belle & Sebastian
28%
Strawberry Jam Animal Collective
27%
When The Pawn... Fiona Apple
27%
Halcyon Digest Deerhunter
24%
The Lonesome Crowded West Modest Mouse
24%
Hospice The Antlers
24%
Repeater Fugazi
21%
Antisocialites Alvvays
18%
Fever to Tell Yeah Yeah Yeahs
17%
You Forgot It In People Broken Social Scene
15%
Kaputt Destroyer
15%
To Bring You My Love PJ Harvey
15%
Soviet Kitsch Regina Spektor
15%
I Can Hear The Heart Beating As One Yo La Tengo
15%
People That Can Eat People... AJJ
14%
Perfect From Now On Built to Spill
14%
Hissing Fauna, Are You The Destroyer? Of Montreal
14%
Emperor Tomato Ketchup Stereolab
14%
Dig Me Out Sleater-Kinney
13%
Who Will Cut Our Hair When We Are Gone? The Unicorns
13%
The Sophtware Slump Grandaddy
12%
Actor St. Vincent
12%
Germ Free Adolescents X-Ray Spex
12%
Capacity Big Thief
11%
Milk-Eyed Mender Joanna Newsom
11%
Double Nickels on the Dime Minutemen
8%
Apologies to the Queen Marie Wolf Parade
8%
Bitte Orca Dirty Projecters
7%
JuJu Siouxsie and the Banshees
7%
Mass Romantic The New Pornographers
7%
Big Science Laurie Anderson
5%
W H O K I L L tUnE-yArDs
5%
Colossal Youth Young Marble Giants
4%
Take Offs and Landings Rilo Kiley
3%
Crazy Rhythms The Feelies
3%
Nothing Feels Natural Priests
2%
No matching quizzes found
Score Distribution
Percent of People with Each Score
Percentile by Number Answered
Your Score History
You have not taken this quiz since the last reset